Plantilla de España - Eurocopa 2024 - Estadísticas

Estadísticas generales
  • Esta prueba ha sido intentada 1.071 veces
  • La puntuación promedio es 22 de 26
Estadísticas de respuestas
Posición Equipo Jugador % Correcto
PO Athletic Club Unai Simón
98%
DF Real Madrid Dani Carvajal
97%
DC FC Barcelona Lamine Yamal
97%
MC FC Barcelona Pedri
97%
DC Athletic Club Nico Williams
96%
MC Manchester City Rodri
95%
DC RB Leipzig Dani Olmo
94%
DF Chelsea Marc Cucurella
94%
DF Al-Nassr Aymeric Laporte
93%
PO Arsenal David Raya
93%
DC Real Sociedad Mikel Oyarzábal
92%
DC Atlético Madrid Álvaro Morata
91%
MC Real Sociedad Mikel Merino
89%
MC Paris Saint-Germain Fabián Ruiz
88%
DF Sevilla Jesús Navas
88%
DF Real Sociedad Robin Le-Normand
88%
DF Real Madrid Nacho Fernández
84%
DF Bayer Leverkusen Alejandro Grimaldo
83%
PO Real Sociedad Álex Remiro
81%
DC FC Barcelona Ferran Torres
80%
DC Real Madrid Joselu
80%
MC Real Sociedad Martin Zubimendi
80%
DF Athletic Club Dani Vivian
75%
MC Villarreal Álex Baena
69%
MC FC Barcelona Fermín López
64%
DC Real Betis Ayoze Pérez
61%
No se encontraron pruebas coincidentes
Distribución de puntuación
Porcentaje de gente con cada puntuación
Porcentaje por número respondido
Historial de tus puntuaciones
No has intentado esta prueba.